000 00624nam a2200229Ia 4500
003 OSt
005 20220918215711.0
006 a|||||r|||| 00| 0
007 ta
008 220917b |||||||| |||| 00| 0 eng d
024 _a142,188
037 _cTextual
040 _aARTS
_cARTS
_beng
041 _2eng
_aeng
082 _aY1:G:66, H0
100 _aHooton Earnest Albert
_9134822
245 0 _aWhy men behave like apes and vice versa or body and behavior
260 _aNA
_bNA
_c1940
650 _aSOCIOLOGY
942 _hY1:G:66, H0
_cTEXL
_2CC
999 _c265147
_d265147